| 000 | 00372nam a2200121Ia 4500 | ||
|---|---|---|---|
| 008 | 230907s9999||||xx |||||||||||||| ||und|| | ||
| 082 |
_a690.0688 _bYUD |
||
| 100 | _aYudelson, Jerry. | ||
| 245 | 0 | _aMarketing green buildings : | |
| 260 |
_aFairmont Press ; | Distributed by Taylor & Francis, _bLilburn, GA : | Boca Raton, FL : _c2006 |
||
| 300 | _ax, 251 p. : | ||
| 942 | _cBK | ||
| 999 |
_c599571 _d599571 |
||